Discurso leido el dia 19 de Mayo de 1896 en la sesión solemne conmemorativa de la fundación de la Real Academia de Ciencias Médicas, Físicas y Naturales de La Habana / (Record no. 154656)

MARC details
000 -LEADER
campo de control de longitud fija 00810nam a2200169 i 4500
001 - NÚMERO DE CONTROL
campo de control 154656
003 - IDENTIFICADOR DE NÚMERO DE CONTROL
campo de control ES-MaACL
005 - FECHA Y HORA DE LA ÚLTIMA TRANSACCIÓN
campo de control 20230906205818.0
008 - DATOS DE LONGITUD FIJA--INFORMACIÓN GENERAL
campo de control de longitud fija 991019s1896 cu |||| | spa d
040 ## - FUENTE DE CATALOGACIÓN
Centro catalogador/agencia de origen M-RAF
Lengua de catalogación spa
Centro/agencia transcriptor M-RAF
Centro/agencia modificador CCPB | B
100 1# - ENTRADA PRINCIPAL--NOMBRE DE PERSONA
Nombre de persona Gordon y de Acosta, Antonio de.
9 (RLIN) 127475
245 10 - MENCIÓN DEL TÍTULO
Título Discurso leido el dia 19 de Mayo de 1896 en la sesión solemne conmemorativa de la fundación de la Real Academia de Ciencias Médicas, Físicas y Naturales de La Habana /
Mención de responsabilidad, etc. Antonio de Gordon y de Acosta.
260 ## - PUBLICACIÓN, DISTRIBUCIÓN, ETC.
Lugar de publicación, distribución, etc. La Habana :
Nombre del editor, distribuidor, etc. [s.n.],
Fecha de publicación, distribución, etc. 1896 (
Fabricante Imprenta El Figaro)
300 ## - DESCRIPCIÓN FÍSICA
Extensión 36 p. ;
Dimensiones 25 cm.
710 2# - ENTRADA AGREGADA--NOMBRE DE ENTIDAD CORPORATIVA
Nombre de entidad corporativa o nombre de jurisdicción como elemento de entrada Real Academia de Ciencias Médicas, Físicas y Naturales de La Habana.
9 (RLIN) 134781
852 ## - LOCALIZACIÓN
Ubicación ES-MaACL
Número de control de estantería T-833-F-6
Nota libre -- Enc. hol., conservando la cub. original
-- -- Enc. en un vol. facticio
Holdings
Estatus retirado Estado de pérdida Estado de daño No para préstamo Colección Biblioteca de origen Biblioteca actual Ubicación en estantería Fecha de adquisición Total de préstamos Signatura topográfica completa Código de barras Visto por última vez Precio de reemplazo Tipo de ítem Koha
        Colección de folletos Biblioteca del Ateneo de Madrid Biblioteca del Ateneo de Madrid Depósito folletos 17/01/2008   T-833-F-6 1161759 23/02/2023 23/02/2023 Folleto